Teaching Of Social Sciences-I : (Record no. 607295)

MARC details
000 -LEADER
fixed length control field 00448nam a2200181 a 4500
008 - FIXED-LENGTH DATA ELEMENTS--GENERAL INFORMATION
fixed length control field 260105s2009##################000#0#eng##
020 ## - INTERNATIONAL STANDARD BOOK NUMBER
ISBN 9789380252643
082 04 - DEWEY DECIMAL CLASSIFICATION NUMBER
Classification number 300
Item number JOT
100 1# - MAIN ENTRY--AUTHOR NAME
Personal name Jothi, Arul,
245 10 - TITLE STATEMENT
Title Teaching Of Social Sciences-I :
260 ## - PUBLICATION, DISTRIBUTION, ETC. (IMPRINT)
Year of publication 2009.
300 ## - PHYSICAL DESCRIPTION
Number of Pages 352 pages
942 ## - ADDED ENTRY ELEMENTS (KOHA)
Koha item type English Books
Holdings
Withdrawn status Lost status Damaged status Not for loan Home library Current library Shelving location Date acquired Full call number Accession Number Price effective from Koha item type
        Anna Centenary Library Anna Centenary Library 3RD FLOOR, B WING 05.01.2026 300 JOT 379556 05.01.2026 English Books

Find us on the map